00440nam a22001697a 450000500170000001000150001702000260003203500140005803700130007208200080008510000180009324500410011126000340015227000420018630000200022850000220024820180423114120.0 aENG-122651 c895.00a9788190515597 aEN-106183 bDBAD/PUB a910 aSingh,Anamika aGlobal geography /cby Anamika Singh c2018aDelhibYogi Publication a77/1, East Azad Nagar,bDelhie110051 c22cm(Hb)a296P. aIt includes index